Functionaries / (Record no. 57493)
[ view plain ]
| 000 -LEADER | |
|---|---|
| fixed length control field | 00853nam a2200265 a 4500 |
| 001 - CONTROL NUMBER | |
| control field | 57493 |
| 003 - CONTROL NUMBER IDENTIFIER | |
| rucl marc code | BD-RjUL |
| 005 - DATE AND TIME OF LATEST TRANSACTION | |
| control field | 20211209080523.0 |
| 008 - FIXED-LENGTH DATA ELEMENTS--GENERAL INFORMATION | |
| fixed length control field | 101216s19711969ilu b 001 0 eng |
| 035 ## - SYSTEM CONTROL NUMBER | |
| System control number | (BD-RjUL) 57617 |
| 040 ## - CATALOGING SOURCE | |
| Original cataloging agency | DLC |
| Transcribing agency | DLC |
| Modifying agency | DLC |
| -- | BD-RjUL |
| Language of cataloging | eng |
| 041 ## - LANGUAGE CODE | |
| Language code of text/sound track or separate title | eng |
| 082 00 - DEWEY DECIMAL CLASSIFICATION NUMBER | |
| Classification number | 302.35 |
| Edition number | 23 |
| Author mark and year | HOF 1971 |
| 100 1# - MAIN ENTRY--PERSONAL NAME | |
| Personal name | Howton, F. William |
| Fuller form of name | (Frank William), |
| Dates associated with a name | 1925- |
| 9 (RLIN) | 170729 |
| 245 10 - TITLE STATEMENT | |
| Title | Functionaries / |
| Statement of responsibility, etc. | F. William Howton |
| 260 ## - PUBLICATION, DISTRIBUTION, ETC. (IMPRINT) | |
| Place of publication, distribution, etc. | Chicago : |
| Name of publisher, distributor, etc. | Quadrangle Books, |
| Date of publication, distribution, etc. | c1969 [Printing 1971] |
| 300 ## - PHYSICAL DESCRIPTION | |
| Pagination | x, 268 p. ; |
| Size | 22 cm. |
| 490 0# - SERIES STATEMENT | |
| Series statement | Problems of American society |
| 504 ## - BIBLIOGRAPHY, ETC. NOTE | |
| Bibliography, etc | Bibliographical references included in "Notes" (p. [255]-262) |
| 650 #0 - SUBJECT ADDED ENTRY--TOPICAL TERM | |
| Topical term or geographic name as entry element | Bureaucracy |
| 9 (RLIN) | 170730 |
| Topical term or geographic name as entry element | Organizational sociology |
| 9 (RLIN) | 170731 |
| Topical term or geographic name as entry element | Organization |
| 9 (RLIN) | 170732 |
| 830 ## - SERIES ADDED ENTRY--UNIFORM TITLE | |
| Uniform title | Problems of American society |
| 942 ## - ADDED ENTRY ELEMENTS (KOHA) | |
| Source of classification or shelving scheme | Dewey Decimal Classification |
| Koha item type | Books |
| Lost status | Source of classification or shelving scheme | Damaged status | Not for loan | Collection code | Permanent Location | Current Location | Shelving location | Date acquired | Total Checkouts | Full call number | Date last seen | Copy number | Koha item type |
|---|---|---|---|---|---|---|---|---|---|---|---|---|---|
| Dewey Decimal Classification | Not For Loan | Non-fiction | Central Library, University of Rajshahi | Central Library, University of Rajshahi | Reading Room | 27/07/1987 | 302.35 HOF 1971 | 10/12/2016 | C-1 | Books |